LEADER 00786nam0-22003011i-450- 001 990003311400403321 005 20070720100354.0 010 $a0-00-459276-X 035 $a000331140 035 $aFED01000331140 035 $a(Aleph)000331140FED01 035 $a000331140 100 $a20030910d1990----km-y0itay50------ba 101 0 $aeng 105 $ay-------001yy 200 1 $aBusiness studies Subject$fIan Chambers 210 $aLondon$cHarper Collins$d1990 215 $a251 p. 225 1 $aBasic facts 676 $a330.3 700 1$aChambers,$bIan$0328642 801 0$aIT$bUNINA$gRICA$2UNIMARC 901 $aBK 912 $a990003311400403321 952 $a330.3 COL$bLINGUE 2272$fDECLI 959 $aDECLI 996 $aBusiness studies Subject$9446934 997 $aUNINA LEADER 01188nam a22002771i 4500 001 991001549919707536 005 20031220160032.0 008 040407s1959 it a||||||||||||||||ita 035 $ab12787280-39ule_inst 035 $aARCHE-076691$9ExL 040 $aDip.to Scienze Storiche$bita$cA.t.i. Arché s.c.r.l. Pandora Sicilia s.r.l. 082 04$a759.5 245 00$aGiovanni Bellini /$ctesto di Rodolfo Pallucchini 260 $aMilano :$bA. Martello,$c[1959] 300 $a160 p. :$b123 c. di tav. : ill. ;$c31 cm 440 2$aI sommi dell'arte italiana 600 14$aBellini, Giovanni$d<1426-1516> 700 1 $aPallucchini, Rodolfo$eauthor$4http://id.loc.gov/vocabulary/relators/aut$037068 700 1 $aBellini, Giovanni$d<1426-1516> 907 $a.b12787280$b02-04-14$c16-04-04 912 $a991001549919707536 945 $aLE009 LA MON B 29$g1$i2009000119680$lle009$o-$pE0.00$q-$rn$so $t0$u0$v0$w0$x0$y.i13331942$z16-04-04 945 $aLE009 LA MON B 29/bis (Fondo Bottari)$g2$i2009000119710$lle009$o-$pE0.00$q-$rn$so $t0$u0$v0$w0$x0$y.i13331954$z16-04-04 996 $aGiovanni Bellini$9845917 997 $aUNISALENTO 998 $ale009$b16-04-04$cm$da $e-$fita$git $h0$i2